[Event "Hradec Kralove Region-chT 2223"]
[Site "Czech Republic"]
[Date "2023.01.29"]
[Round "7.4"]
[White "Jecha, Vratislav"]
[Black "Drasnar, Lukas"]
[Result "1-0"]
[WhiteElo "2016"]
[BlackElo "1857"]
[PlyCount "67"]
[EventDate "2022.10.09"]
[EventType "team-tourn"]
[EventRounds "11"]
[EventCountry "CZE"]
[SourceTitle "EXT 2024"]
[Source "ChessBase"]
[SourceDate "2023.10.10"]
[SourceVersion "1"]
[SourceVersionDate "2023.10.10"]
[SourceQuality "1"]

1. d4 d5 2. e3 Nf6 3. Bd3 c5 4. c3 Nc6 5. f4 Bg4 6. Nf3 c4 7. Bc2 e6 8. 0-0 Bd6 9. Nbd2 0-0 10. Qe1 Bf5 11. e4 dxe4 12. Nxe4 Nxe4 13. Bxe4 Bxe4 14. Qxe4 Qc7 15. f5 exf5 16. Qxf5 Ne7 17. Qh5 f6 18. Be3 Ng6 19. Nd2 Rfe8 20. Rae1 Qf7 21. Qb5 Rac8 22. Bf2 Rxe1 23. Rxe1 a6 24. Qf5 Rd8 25. Ne4 Bf8 26. h4 Qd7 27. Qf3 Qc6 28. h5 Nh8 29. Bh4 Nf7 30. Qg4 Kh8 31. Rf1 Qd7 32. Nxf6 Qxg4 33. Nxg4 Rd7 34. Ne5 1-0

[Event "Hradec Kralove Region-chT 2223"]
[Site "Czech Republic"]
[Date "2023.01.15"]
[Round "6.4"]
[White "Sedivy, Ales"]
[Black "Jecha, Vratislav"]
[Result "1/2-1/2"]
[WhiteElo "1884"]
[BlackElo "2016"]
[PlyCount "53"]
[EventDate "2022.10.09"]
[EventType "team-tourn"]
[EventRounds "11"]
[EventCountry "CZE"]
[SourceTitle "EXT 2024"]
[Source "ChessBase"]
[SourceDate "2023.10.10"]
[SourceVersion "1"]
[SourceVersionDate "2023.10.10"]
[SourceQuality "1"]

1. e4 c5 2. Nf3 e6 3. c4 Nc6 4. Nc3 d6 5. d4 cxd4 6. Nxd4 Nf6 7. Be3 Be7 8. Nxc6 bxc6 9. Be2 c5 10. f4 0-0 11. 0-0 Rb8 12. b3 Bb7 13. Bd3 Nd7 14. Rf3 Bf6 15. Qc2 h6 16. Rd1 Bd4 17. Ne2 e5 18. Nxd4 cxd4 19. Bf2 Nc5 20. f5 f6 21. Be1 Bc6 22. Bd2 Rf7 23. Re1 Nxd3 24. Qxd3 a5 25. Rg3 Kh8 26. Qc2 Qb6 27. Kh1 1/2-1/2

[Event "Hradec Kralove Region-chT 0506"]
[Site "Czech Republic"]
[Date "2006.02.19"]
[Round "8.1"]
[White "Jecha, Vratislav"]
[Black "Jezbera, Jiri"]
[Result "0-1"]
[WhiteElo "1970"]
[BlackElo "2050"]
[PlyCount "82"]
[EventDate "2005.10.23"]
[EventType "team-tourn"]
[EventRounds "11"]
[EventCountry "CZE"]
[SourceTitle "EXT 2024"]
[Source "ChessBase"]
[SourceDate "2023.10.10"]
[SourceVersion "1"]
[SourceVersionDate "2023.10.10"]
[SourceQuality "1"]
[WhiteTeam "Jaromer Jiskra"]
[BlackTeam "Horice Jiskra"]
[WhiteTeamCountry "CZE"]
[BlackTeamCountry "CZE"]

1. e4 c5 2. c3 e6 3. d4 d5 4. exd5 Qxd5 5. Nf3 Nc6 6. a3 Nf6 7. Bd3 Be7 8. 0-0 0-0 9. c4 Qd8 10. dxc5 e5 11. Nc3 Bxc5 12. b4 Bd4 13. Nxd4 Qxd4 14. Qc2 Qh4 15. f3 Rd8 16. Be4 Be6 17. Bxc6 bxc6 18. c5 a5 19. Be3 axb4 20. axb4 Qxb4 21. Rfb1 Qc4 22. Rxa8 Rxa8 23. Qd2 Nd5 24. Nxd5 cxd5 25. Qb2 f6 26. Qb7 Re8 27. c6 d4 28. Bd2 Qc2 29. Rb2 Qc5 30. Rb5 Qc4 31. Rb4 Qe2 32. Rb2 e4 33. fxe4 Qxe4 34. Ba5 Bd5 35. h3 Bxc6 36. Qb3+ Bd5 37. Qb5 h5 38. Rd2 h4 39. Rb2 d3 40. Bc3 d2 41. Rxd2 Bc4 0-1

[Event "Hradec Kralove Region-chT 0506"]
[Site "Czech Republic"]
[Date "2006.02.05"]
[Round "7.1"]
[White "Jecha, Vratislav"]
[Black "Rozkovec, Jiri"]
[Result "1-0"]
[WhiteElo "1970"]
[BlackElo "1860"]
[PlyCount "105"]
[EventDate "2005.10.23"]
[EventType "team-tourn"]
[EventRounds "11"]
[EventCountry "CZE"]
[SourceTitle "EXT 2024"]
[Source "ChessBase"]
[SourceDate "2023.10.10"]
[SourceVersion "1"]
[SourceVersionDate "2023.10.10"]
[SourceQuality "1"]
[WhiteTeam "Jaromer Jiskra"]
[BlackTeam "Lipa III"]
[WhiteTeamCountry "CZE"]
[BlackTeamCountry "CZE"]

1. e4 c5 2. c3 d6 3. d4 cxd4 4. cxd4 Nf6 5. Nc3 g6 6. Nf3 Bg7 7. Be2 Nc6 8. 0-0 a6 9. Bf4 0-0 10. Qd2 b5 11. a3 Bb7 12. b4 Rc8 13. Rac1 Qd7 14. Bh6 Rc7 15. Bxg7 Kxg7 16. Qb2 Kg8 17. Rfd1 d5 18. e5 Nh5 19. a4 Na7 20. axb5 Nxb5 21. Nxb5 Rxc1 22. Rxc1 axb5 23. Rc5 Ba6 24. g3 Ra8 25. Qb3 Rd8 26. Ne1 Ng7 27. Bf3 Bb7 28. Qc3 Ne6 29. Bg4 Ra8 30. Bxe6 Qxe6 31. Rxb5 Ba6 32. Ra5 Rb8 33. Nc2 Bc4 34. Qd2 Qh3 35. Ne3 Bb5 36. Qa2 Qc8 37. Qa1 Bc4 38. Rc5 Qe6 39. Nxc4 dxc4 40. Qc3 Rc8 41. d5 Qg4 42. f3 Qf5 43. Qxc4 Rxc5 44. bxc5 Qxe5 45. c6 Qe1+ 46. Kg2 Qd2+ 47. Kh3 Qh6+ 48. Qh4 Qc1 49. Qxe7 Qf1+ 50. Kg4 Qc4+ 51. f4 h5+ 52. Kg5 h4 53. Kh6 1-0

[Event "Hradec Kralove Region-chT 0506"]
[Site "Czech Republic"]
[Date "2006.01.22"]
[Round "6.1"]
[White "Schwarz, Milan"]
[Black "Jecha, Vratislav"]
[Result "1-0"]
[WhiteElo "2080"]
[BlackElo "1970"]
[PlyCount "71"]
[EventDate "2005.10.23"]
[EventType "team-tourn"]
[EventRounds "11"]
[EventCountry "CZE"]
[SourceTitle "EXT 2024"]
[Source "ChessBase"]
[SourceDate "2023.10.10"]
[SourceVersion "1"]
[SourceVersionDate "2023.10.10"]
[SourceQuality "1"]
[WhiteTeam "Dvur Kralove nad Labem"]
[BlackTeam "Jaromer Jiskra"]
[WhiteTeamCountry "CZE"]
[BlackTeamCountry "CZE"]

1. c4 e5 2. g3 Nf6 3. Bg2 Nc6 4. Nc3 Be7 5. d3 0-0 6. e3 d6 7. Nge2 Bf5 8. 0-0 Qd7 9. Re1 Rfe8 10. Nd5 e4 11. dxe4 Bxe4 12. Nec3 Bxg2 13. Kxg2 Ne5 14. b3 Rac8 15. e4 Qg4 16. f3 Qd7 17. Bb2 Nxd5 18. Nxd5 Bf8 19. Qd4 a6 20. Rac1 Re6 21. h4 Qd8 22. Qd2 c6 23. Nf4 Re7 24. Rcd1 Re8 25. Rh1 c5 26. Bc3 b5 27. Qd5 Qc7 28. h5 h6 29. Ng6 Rcd8 30. Rh4 bxc4 31. bxc4 Kh7 32. Nxf8+ Rxf8 33. f4 Nc6 34. Qf5+ g6 35. hxg6+ fxg6 36. Rxh6+ 1-0

[Event "Hradec Kralove Region-chT 0506"]
[Site "Czech Republic"]
[Date "2005.12.11"]
[Round "4.1"]
[White "Jirasek, Pavel"]
[Black "Jecha, Vratislav"]
[Result "1-0"]
[WhiteElo "2169"]
[BlackElo "1970"]
[PlyCount "99"]
[EventDate "2005.10.23"]
[EventType "team-tourn"]
[EventRounds "11"]
[EventCountry "CZE"]
[SourceTitle "EXT 2024"]
[Source "ChessBase"]
[SourceDate "2023.10.10"]
[SourceVersion "1"]
[SourceVersionDate "2023.10.10"]
[SourceQuality "1"]
[WhiteTeam "Lipa"]
[BlackTeam "Jaromer Jiskra"]
[WhiteTeamCountry "CZE"]
[BlackTeamCountry "CZE"]

1. e4 c5 2. Nf3 Nc6 3. Bb5 g6 4. c3 Bg7 5. d4 cxd4 6. cxd4 Qb6 7. Nc3 a6 8. Nd5 Qd8 9. Bc4 e6 10. Nc3 b5 11. Bb3 Bb7 12. Bg5 Qb8 13. 0-0 h6 14. Bh4 Na5 15. Bc2 Nf6 16. Bg3 Qd8 17. e5 Nd5 18. Ne4 0-0 19. Rc1 Bc6 20. Bb1 Nb7 21. Qd2 Qe7 22. Bh4 g5 23. Qd3 f5 24. exf6 Nxf6 25. Nxf6+ Bxf6 26. Bg3 Bxf3 27. Qxf3 Na5 28. Qd3 Nc6 29. Bd6 Qg7 30. d5 Ne5 31. Bxf8 Rxf8 32. Qe4 exd5 33. Qxd5+ Kh8 34. Rc7 Bd8 35. Rb7 Qf6 36. Qe4 Rf7 37. Rb8 Nc6 38. Ra8 a5 39. Bd3 b4 40. Qe8+ Kg7 41. Bc4 Rf8 42. Qxd7+ Kh8 43. Ra6 Ne5 44. Rxf6 Nxd7 45. Rxf8+ Nxf8 46. Re1 Bf6 47. b3 Bd4 48. Re4 Bb6 49. Re7 Ng6 50. Re6 1-0

[Event "Hradec Kralove Region-chT 0506"]
[Site "Czech Republic"]
[Date "2005.11.13"]
[Round "2.1"]
[White "Ringel, Zbynek"]
[Black "Jecha, Vratislav"]
[Result "1-0"]
[WhiteElo "2230"]
[BlackElo "1970"]
[PlyCount "119"]
[EventDate "2005.10.23"]
[EventType "team-tourn"]
[EventRounds "11"]
[EventCountry "CZE"]
[SourceTitle "EXT 2024"]
[Source "ChessBase"]
[SourceDate "2023.10.10"]
[SourceVersion "1"]
[SourceVersionDate "2023.10.10"]
[SourceQuality "1"]
[WhiteTeam "Nachod Sokol"]
[BlackTeam "Jaromer Jiskra"]
[WhiteTeamCountry "CZE"]
[BlackTeamCountry "CZE"]

1. e4 c5 2. d4 cxd4 3. c3 d3 4. c4 Nc6 5. Bxd3 d6 6. Nc3 g6 7. Bg5 Bg7 8. Qd2 Nf6 9. b3 0-0 10. Rc1 b6 11. Nge2 Bb7 12. 0-0 Nd7 13. Nd5 Nc5 14. Bb1 f6 15. Be3 Rc8 16. b4 Nd7 17. Nef4 Qe8 18. Ne6 Rf7 19. Ndc7 Rxc7 20. Nxc7 Qc8 21. Nd5 f5 22. exf5 gxf5 23. a4 e6 24. Nc3 Qf8 25. f4 Nxb4 26. Nb5 d5 27. Nc7 Qe7 28. cxd5 Nxd5 29. Ba2 N7f6 30. Nxd5 Nxd5 31. Bxd5 Bxd5 32. Rc8+ Rf8 33. Rfc1 Qd7 34. Rxf8+ Bxf8 35. a5 bxa5 36. Qxa5 Qg7 37. Qd2 Qb7 38. Bd4 h6 39. Qe3 Bd6 40. h3 a5 41. Qg3+ Kh7 42. Rc8 e5 43. fxe5 Qxc8 44. exd6 Qd7 45. Qe5 Be6 46. Qh8+ Kg6 47. Qf6+ Kh7 48. h4 h5 49. Kf2 a4 50. Bb2 Qa7+ 51. Bd4 Qd7 52. Ke3 a3 53. Qf8 a2 54. Kf4 a1Q 55. Bxa1 Qa4+ 56. Kg5 Qxa1 57. Qh6+ Kg8 58. Qxe6+ Kg7 59. Qg6+ Kf8 60. Qf6+ 1-0